000 00544nam a2200181 a 4500
005 20140412111305.0
008 001117s19uu xx 00 eng d
020 _a0-02-174930-2
050 _aM 428.6
_bA64 1989
245 _aClose to home /
_cVirginia A. Arnold, et. al.
260 _aNew York :
_bMacmillan Publishing Comp.,
_c1989.
300 _a80 p. ; ill.
440 _aMacmillan Reading Program Connections, Level 1
650 _aReading--Study and teaching
650 _aChildrens literature
999 _c103631
_d103631